| 000 | 01231cam a2200361 i 4500 | ||
|---|---|---|---|
| 999 |
_c10290 _d10290 |
||
| 001 | 21568351 | ||
| 003 | KD3009 CAB 2020 | ||
| 005 | 20220112100739.0 | ||
| 008 | 200617s2020 enk b 001 0 eng | ||
| 010 | _a 2020940752 | ||
| 020 |
_a9780198840312 _q(pbk.) |
||
| 020 |
_z0198840314 _q(pbk.) |
||
| 020 |
_z9780192576644 _q(epub) |
||
| 020 | _z9780192576637 | ||
| 040 |
_aDLC _beng _erda _cDLC |
||
| 042 | _apcc | ||
| 050 | 0 | 0 |
_aKD3009 _b.C33 2020 |
| 100 | 1 |
_aCabrelli, David A., _eauthor. |
|
| 245 | 1 | 0 |
_aEmployment law in context : _btext and materials / _cDavid Cabrelli. |
| 250 | _aFourth edition. | ||
| 264 | 1 |
_aOxford, United Kingdom : _bOxford University Press, _c2020. |
|
| 300 |
_alxxv, 890 pages ; _c25 cm. |
||
| 336 |
_atext _btxt _2rdacontent |
||
| 337 |
_aunmediated _bn _2rdamedia |
||
| 338 |
_avolume _bnc _2rdacarrier |
||
| 490 | 0 | _aLaw trove | |
| 500 | _aIncludes bibliographical references and index. | ||
| 504 | _aIncludes bibliographical references and index. | ||
| 650 | 0 |
_aLabor laws and legislation _zGreat Britain. |
|
| 906 |
_a7 _bcbc _corignew _d2 _eepcn _f20 _gy-gencatlg |
||
| 942 |
_2lcc _cBK _e4th _h3009 _iCAB _kKD |
||